00456nam a22001577a 450000500170000001000270001702000260004403500270007003700140009708200060011110000170011724500430013426000350017727000610021230000250027320120216122340.0 aB-453644 B-464106-120 a9780143414971c225.00 aB-453644 B-463106-120 bR.B.C/VEN aN aNarayan,R.K. aThe vendor of sweets /cby R K Narayan aNew DelhibPenguin Booksc2010 a11, Community Center,Panchsheel Park,bNew Delhie110017 axvii,151pc20cm(pbk)